Интерактивные образовательные технологии: учебное пособие для академического бакалавриата

Bibliographische Detailangaben
1. Verfasser: Плаксина И. В. Ирина Васильевна
Zusammenfassung:В учебном пособии раскрыты содержание понятия «интерактивные технологии» и условия организации интерактивного обучения и воспитания. Особое внимание уделено описанию функций и роли преподавателя, рисков и трудностей педагога в использовании интерактивных методов обучения и воспитания. Соответствует актуальным требованиям Федерального государственного образовательного стандарта высшего образования. Для студентов высших учебных заведений, обучающихся по гуманитарным направ­лениям и специальностям, педагогов, преподавателей вузов, педагогов-психологов.
Sprache:Russisch
Veröffentlicht: Москва, Юрайт, 2019
Ausgabe:3-е изд., испр. и доп.
Schriftenreihe:Бакалавр. Академический курс
Schlagworte:
Format: MixedMaterials Buch
KOHA link:https://koha.lib.tpu.ru/cgi-bin/koha/opac-detail.pl?biblionumber=342563

MARC

LEADER 00000nam0a2200000 4500
001 342563
005 20231102005451.0
010 |a 9785534076233 
035 |a (RuTPU)RU\TPU\book\371686 
035 |a RU\TPU\book\345933 
090 |a 342563 
100 |a 20160706d2019 m y0rusy50 ca 
101 0 |a rus 
102 |a RU 
105 |a y j 001zy 
200 1 |a Интерактивные образовательные технологии  |e учебное пособие для академического бакалавриата  |f И. В. Плаксина 
205 |a 3-е изд., испр. и доп. 
210 |a Москва  |c Юрайт  |d 2019 
215 |a 151 с. 
225 1 |a Бакалавр. Академический курс 
320 |a Библиогр.: с. 99-104 
330 |a В учебном пособии раскрыты содержание понятия «интерактивные технологии» и условия организации интерактивного обучения и воспитания. Особое внимание уделено описанию функций и роли преподавателя, рисков и трудностей педагога в использовании интерактивных методов обучения и воспитания. Соответствует актуальным требованиям Федерального государственного образовательного стандарта высшего образования. Для студентов высших учебных заведений, обучающихся по гуманитарным направ­лениям и специальностям, педагогов, преподавателей вузов, педагогов-психологов. 
606 1 |a Высшие учебные заведения  |x Методы обучения  |2 stltpush  |3 (RuTPU)RU\TPU\subj\71371  |9 85316 
610 1 |a высшее образование 
610 1 |a образовательные технологии 
610 1 |a интерактивные технологии 
610 1 |a обучение 
610 1 |a активизация 
610 1 |a компетентность 
610 1 |a методы 
610 1 |a конструирование 
610 1 |a учебные занятия 
610 1 |a имитационные методы 
610 1 |a деловые игры 
610 1 |a ролевые игры 
610 1 |a ситуационный анализ 
610 1 |a тренинги 
610 1 |a учебные пособия 
686 |a Ч481.25я73  |v LBC/SL-A  |2 rubbk 
700 1 |a Плаксина  |b И. В.  |g Ирина Васильевна 
801 1 |a RU  |b 63413507  |c 20190318 
801 2 |a RU  |b 63413507  |c 20190617  |g RCR 
942 |c BK 
959 |a 2/20190315  |d 1  |e 419,00  |f ЧЗГЛ:1